[Event "Vilafranca del Penedes op 5th"]
[Site "Vilafranca del Penedes"]
[Date "2011.05.13"]
[Round "5.4"]
[White "Monton Molinero, Fernando"]
[Black "Avila Jimenez, Xavier"]
[Result "0-1"]
[WhiteElo "1972"]
[BlackElo "2227"]
[PlyCount "84"]
[EventDate "2011.04.08"]
[EventType "swiss"]
[EventRounds "8"]
[EventCountry "ESP"]
[SourceTitle "EXT 2024"]
[Source "ChessBase"]
[SourceDate "2023.10.10"]
[SourceVersion "1"]
[SourceVersionDate "2023.10.10"]
[SourceQuality "1"]

1. e4 d5 2. exd5 Qxd5 3. Nc3 Qd6 4. d4 Nf6 5. Nf3 Bg4 6. Be2 Nc6 7. Nb5 Qd8 8. Bf4 Nd5 9. Qd2 e6 10. 0-0 a6 11. Nc3 Bb4 12. Bg3 0-0 13. a3 Nxc3 14. bxc3 Ba5 15. Rab1 Rb8 16. Rb3 Bb6 17. Qf4 Bf5 18. Bd3 Ne7 19. c4 Qd7 20. Bxf5 Nxf5 21. c5 Ba5 22. c3 Qd5 23. Rfb1 b5 24. Ne5 f6 25. Nf3 Rbe8 26. Ne1 g5 27. Qg4 Ng7 28. Qf3 h5 29. Qxd5 exd5 30. h3 Re2 31. Nd3 h4 32. Bh2 Rfe8 33. Kf1 Rd2 34. Nb4 Ree2 35. Bg1 Bxb4 36. cxb4 Ra2 37. Rf3 Kf7 38. Bh2 c6 39. Re1 Red2 40. Bd6 Kg6 41. Be7 Nf5 42. Bd8 Rxd4 0-1

[Event "Torredembarra op 8th"]
[Site "Torredembarra"]
[Date "2006.07.13"]
[Round "6"]
[White "Ramos Lor, Josep"]
[Black "Monton Molinero, Fernando"]
[Result "1-0"]
[WhiteElo "2052"]
[BlackElo "2006"]
[PlyCount "71"]
[EventDate "2006.07.08"]
[EventType "swiss"]
[EventRounds "9"]
[EventCountry "ESP"]
[SourceTitle "EXT 2019"]
[Source "ChessBase"]
[SourceDate "2018.10.10"]
[SourceVersion "1"]
[SourceVersionDate "2018.10.10"]
[SourceQuality "1"]

1. e4 c5 2. Nf3 d6 3. d4 cxd4 4. Nxd4 Nf6 5. Nc3 a6 6. Be2 e5 7. Nf3 h6 8. 0-0 Be7 9. Be3 Nbd7 10. a4 Ng4 11. Bc1 Ngf6 12. h3 Nc5 13. Bd3 0-0 14. a5 Bd7 15. Be3 Rc8 16. Qe2 Nxd3 17. Qxd3 Qc7 18. Rfc1 Be6 19. Nd2 Rfd8 20. Bb6 Qc6 21. Bxd8 Rxd8 22. Nf3 Bc4 23. Qe3 Be6 24. Ne1 Nh5 25. Nf3 Nf4 26. Ne2 Ng6 27. c4 Rc8 28. b3 Qd7 29. Nc3 Rc5 30. Nd5 Bd8 31. Qd2 Rxd5 32. cxd5 Bxh3 33. gxh3 Qxh3 34. Nh2 Bg5 35. Qc3 Qh5 36. Qf3 1-0